[Event "Madrid-ch Previa-A"]
[Site "Madrid"]
[Date "2020.02.12"]
[Round "6"]
[White "Lopez Orellana, Federico"]
[Black "Alises Fontecha, Juan"]
[Result "1/2-1/2"]
[WhiteElo "1705"]
[BlackElo "1586"]
[PlyCount "129"]
[EventDate "2020.02.03"]
[EventType "swiss"]
[EventRounds "9"]
[EventCountry "ESP"]
[SourceTitle "EXT 2021"]
[Source "ChessBase"]
[SourceDate "2020.10.23"]
[SourceVersion "1"]
[SourceVersionDate "2020.10.23"]
[SourceQuality "1"]

1. d4 d5 2. Nc3 Nf6 3. Bf4 c6 4. e3 Bf5 5. f3 e6 6. g4 Bg6 7. Nge2 Bd6 8. h4 h6 9. Qd2 Qc7 10. Bxd6 Qxd6 11. Nf4 Nbd7 12. 0-0-0 0-0-0 13. Nxg6 fxg6 14. Bd3 e5 15. Bxg6 Nxg4 16. Bf5 Ngf6 17. Rhg1 Rhg8 18. Rg2 Kb8 19. Rdg1 Qe7 20. Qd3 exd4 21. exd4 Qd6 22. Ne2 Rde8 23. Bh3 Re7 24. Ng3 Qf4+ 25. Qd2 Qxf3 26. Nf5 Re4 27. Rg3 Qh5 28. Nxg7 Qxh4 29. Qg2 Qf4+ 30. Qd2 Qxd2+ 31. Kxd2 Rxd4+ 32. Kc1 Rf4 33. Rg6 Ne5 34. Rxh6 Ne8 35. Re6 Nf3 36. Rg3 Nxg7 37. Reg6 Rgf8 38. Rxg7 Nd4 39. Re3 Nf5 40. Bxf5 R4xf5 41. b3 R5f7 42. Rg6 Kc7 43. Kb2 Rf6 44. Rg7+ R8f7 45. Rg8 a6 46. a4 Kd7 47. Rb8 Kd6 48. Rd8+ Rd7 49. Rde8 Rg7 50. Rd8+ Kc7 51. Ree8 Rf2 52. a5 Rgg2 53. Rc8+ Kd6 54. b4 Rxc2+ 55. Kb3 Rb2+ 56. Ka3 Ra2+ 57. Kb3 Rgb2+ 58. Kc3 d4+ 59. Kc4 Rc2+ 60. Kxd4 Rd2+ 61. Kc4 Rac2+ 62. Kb3 Rb2+ 63. Ka3 Ra2+ 64. Kb3 Rab2+ 65. Ka3 1/2-1/2

[Event "Madrid-ch Previa-A"]
[Site "Madrid"]
[Date "2020.02.03"]
[Round "1"]
[White "Pinel Mirasierra, Jose Pablo"]
[Black "Lopez Orellana, Federico"]
[Result "1/2-1/2"]
[WhiteElo "1966"]
[BlackElo "1705"]
[PlyCount "132"]
[EventDate "2020.02.03"]
[EventType "swiss"]
[EventRounds "9"]
[EventCountry "ESP"]
[SourceTitle "EXT 2021"]
[Source "ChessBase"]
[SourceDate "2020.10.23"]
[SourceVersion "1"]
[SourceVersionDate "2020.10.23"]
[SourceQuality "1"]

1. e4 b6 2. d4 Bb7 3. Nc3 e6 4. Nf3 Bb4 5. Bd3 Nf6 6. Qe2 d5 7. exd5 Qxd5 8. Bd2 Bxc3 9. bxc3 Nbd7 10. c4 Qh5 11. 0-0 0-0 12. Bf4 Rac8 13. Rfe1 Rfe8 14. Ne5 Qxe2 15. Rxe2 c5 16. c3 Ba6 17. Rc2 Bb7 18. f3 Red8 19. Rd1 g6 20. Bg5 Re8 21. Bh4 Nxe5 22. dxe5 Nh5 23. Bf1 Bc6 24. Rd6 Ng7 25. Bg5 Nf5 26. Rdd2 h6 27. Bf6 Rc7 28. Kf2 Kf8 29. g4 Ne7 30. f4 Rd7 31. Rxd7 Bxd7 32. Rd2 Bc6 33. Bg2 Rc8 34. Bxc6 Nxc6 35. Rd7 Ke8 36. Rb7 Rb8 37. Rc7 Na5 38. Re7+ Kf8 39. Rxa7 Nxc4 40. Ke2 Na5 41. Rc7 Ke8 42. a4 Nc4 43. Re7+ Kf8 44. Ra7 Ke8 45. h4 h5 46. gxh5 gxh5 47. Kd3 Na5 48. Re7+ Kf8 49. Rc7 Kg8 50. Ke4 Nc4 51. f5 Ra8 52. fxe6 fxe6 53. Kf4 Rxa4 54. Kg5 Ne3 55. Rg7+ Kf8 56. Rb7 Nd5 57. Kxh5 Nxf6+ 58. exf6 Rf4 59. Kg5 Rf1 60. Rxb6 Rg1+ 61. Kf4 Kf7 62. Rc6 Rf1+ 63. Ke4 Rf5 64. c4 Kxf6 65. Rc8 Rh5 66. Kd3 Ke7 1/2-1/2

[Event "Madrid-ch Seniors 50"]
[Site "Madrid"]
[Date "2020.01.16"]
[Round "4"]
[White "Lopez Orellana, Federico"]
[Black "Infante Martin, Alonso"]
[Result "1-0"]
[WhiteElo "1714"]
[BlackElo "1362"]
[PlyCount "67"]
[EventDate "2020.01.13"]
[EventType "swiss"]
[EventRounds "9"]
[EventCountry "ESP"]
[SourceTitle "CBM 194 Extra"]
[Source "ChessBase"]
[SourceDate "2020.03.31"]
[SourceVersion "1"]
[SourceVersionDate "2020.03.31"]
[SourceQuality "1"]

1. d4 d5 2. Nc3 e6 3. Bf4 c6 4. e3 Nf6 5. Nf3 Nbd7 6. Bd3 Be7 7. Ne5 Nf8 8. Qf3 Ng6 9. Bg3 Nxe5 10. dxe5 Nd7 11. Qg4 g6 12. h4 Qb6 13. Rb1 Bb4 14. 0-0 Qa5 15. Ne2 Be7 16. a3 Qb6 17. c3 Qd8 18. e4 h5 19. Qh3 Nc5 20. Bc2 dxe4 21. Rbd1 Qc7 22. Nd4 0-0 23. b4 Nd3 24. Bxd3 exd3 25. Rxd3 a6 26. Rfd1 c5 27. Nf3 cxb4 28. cxb4 b5 29. Ng5 Qb6 30. Bf4 Qb7 31. Qe3 Rd8 32. Rxd8+ Bxd8 33. Rxd8+ Kg7 34. Qc5 1-0

[Event "Mostoles op 10th"]
[Site "Mostoles"]
[Date "2019.07.25"]
[Round "8"]
[White "Sacristan Virseda, Fernando"]
[Black "Lopez Orellana, Federico"]
[Result "1-0"]
[WhiteElo "1895"]
[BlackElo "1752"]
[PlyCount "109"]
[EventDate "2019.07.18"]
[EventType "swiss"]
[EventRounds "9"]
[EventCountry "ESP"]
[SourceTitle "EXT 2021"]
[Source "ChessBase"]
[SourceDate "2020.10.23"]
[SourceVersion "1"]
[SourceVersionDate "2020.10.23"]
[SourceQuality "1"]

1. e4 e6 2. d4 d5 3. Nd2 Ne7 4. c3 b6 5. Bd3 Qd7 6. Ne2 Ba6 7. Bc2 Ng6 8. h4 c5 9. exd5 exd5 10. Nf3 Nc6 11. Be3 Bd6 12. dxc5 bxc5 13. Bd3 c4 14. Bxg6 hxg6 15. Qxd5 Rh5 16. Qe4+ Kf8 17. Ned4 Bb7 18. Nxc6 Bxc6 19. Qxc4 Rc8 20. Qa6 Bc5 21. Rd1 Qe8 22. Qe2 Bxe3 23. fxe3 Bb5 24. Qd2 Bc4 25. Qd6+ Kg8 26. Kf2 Qe4 27. Rd4 Qc2+ 28. Rd2 Qf5 29. b3 Bd5 30. c4 Ba8 31. Qd7 Qc5 32. Ng5 Rf8 33. Qd6 Qf5+ 34. Qf4 Qa5 35. Rhd1 f6 36. Nf3 Rf5 37. Qd4 g5 38. Ke2 gxh4 39. Qxh4 Rh5 40. Qg4 Re8 41. b4 Bxf3+ 42. Qxf3 Qe5 43. Qd5+ Kh7 44. Qxe5 Rhxe5 45. Rd3 f5 46. Kf3 Re4 47. Rc3 g5 48. Rd4 R4e7 49. a4 Kg6 50. c5 Rh8 51. c6 Rc8 52. b5 Re5 53. Rd6+ Kh5 54. Rd7 Re4 55. Rxa7 1-0

[Event "Mostoles op 10th"]
[Site "Mostoles"]
[Date "2019.07.23"]
[Round "6"]
[White "Lopez Orellana, Federico"]
[Black "Fernandez Rodriguez, Juan"]
[Result "1/2-1/2"]
[WhiteElo "1752"]
[BlackElo "1442"]
[PlyCount "62"]
[EventDate "2019.07.18"]
[EventType "swiss"]
[EventRounds "9"]
[EventCountry "ESP"]
[SourceTitle "EXT 2020"]
[Source "ChessBase"]
[SourceDate "2019.10.17"]
[SourceVersion "1"]
[SourceVersionDate "2019.10.17"]
[SourceQuality "1"]

1. d4 Nf6 2. Bg5 d5 3. e3 Bf5 4. c4 h6 5. Bf4 dxc4 6. Bxc4 e6 7. Qb3 Bd6 8. Bxd6 cxd6 9. Nc3 Qc7 10. Nge2 a6 11. Ng3 Bh7 12. 0-0 d5 13. Be2 0-0 14. Rac1 Nc6 15. Qd1 Qd6 16. Bd3 Bxd3 17. Qxd3 b5 18. Qe2 Rfc8 19. Nh5 Nxh5 20. Qxh5 Qd8 21. f4 Ne7 22. g4 b4 23. Ne2 Rxc1 24. Nxc1 Rc8 25. Nd3 Rc2 26. Ne5 Qe8 27. f5 exf5 28. gxf5 Nc6 29. f6 Nxe5 30. dxe5 Qe6 31. Rf4 Qb6 1/2-1/2

[Event "Mostoles op 10th"]
[Site "Mostoles"]
[Date "2019.07.22"]
[Round "5"]
[White "Lopez Orellana, Federico"]
[Black "Lopez Manso, Jeronimo"]
[Result "1-0"]
[WhiteElo "1752"]
[BlackElo "1560"]
[PlyCount "117"]
[EventDate "2019.07.18"]
[EventType "swiss"]
[EventRounds "9"]
[EventCountry "ESP"]
[SourceTitle "EXT 2020"]
[Source "ChessBase"]
[SourceDate "2019.10.17"]
[SourceVersion "1"]
[SourceVersionDate "2019.10.17"]
[SourceQuality "1"]

1. d4 d5 2. e3 Nf6 3. Bd3 Nc6 4. f4 Bd7 5. c3 e6 6. Nd2 Bd6 7. Ngf3 Ng4 8. Qe2 0-0 9. 0-0 f5 10. b4 Qe8 11. b5 Na5 12. c4 c6 13. c5 Bc7 14. a4 Rf6 15. h3 Nh6 16. Ne5 Bxe5 17. fxe5 Rg6 18. Nf3 Rg3 19. Bd2 Nb3 20. Rab1 Nxd2 21. Qxd2 Qg6 22. Kh1 Rf8 23. Qf2 Nf7 24. Kh2 Rxf3 25. Qxf3 Ng5 26. Qg3 Qh6 27. Rf4 Nf7 28. Rh4 Qg5 29. Qxg5 Nxg5 30. Rf4 Ne4 31. Bxe4 dxe4 32. Rf2 g5 33. g3 Kg7 34. b6 a6 35. Rbf1 Kg6 36. g4 Rf7 37. Kg3 h5 38. gxh5+ Kxh5 39. Kh2 Rh7 40. Rg1 Kh4 41. Rg3 Be8 42. Rg1 Bh5 43. Rgf1 g4 44. hxg4 Bxg4 45. Kg1 Rg7 46. Rh2+ Bh3+ 47. Kf2 Rg3 48. Rg1 Rxg1 49. Kxg1 Kg3 50. Rf2 Bg4 51. Kf1 Bh3+ 52. Ke1 Bg2 53. Rf4 Bf3 54. Kd2 Bg4 55. Kc3 Be2 56. d5 exd5 57. e6 Bh5 58. Rxf5 Be8 59. Rf8 1-0

[Event "Mostoles op 10th"]
[Site "Mostoles"]
[Date "2019.07.18"]
[Round "1"]
[White "Lopez Orellana, Federico"]
[Black "Olmedo Aznar, Mario"]
[Result "1-0"]
[WhiteElo "1752"]
[BlackElo "1163"]
[PlyCount "53"]
[EventDate "2019.07.18"]
[EventType "swiss"]
[EventRounds "9"]
[EventCountry "ESP"]
[SourceTitle "EXT 2020"]
[Source "ChessBase"]
[SourceDate "2019.10.17"]
[SourceVersion "1"]
[SourceVersionDate "2019.10.17"]
[SourceQuality "1"]

1. d4 Nf6 2. Bg5 e6 3. e3 d5 4. Nd2 c5 5. c3 Nc6 6. Ngf3 Be7 7. Bd3 Qb6 8. Rb1 Bd7 9. 0-0 h6 10. Bh4 c4 11. Bc2 Na5 12. b3 cxb3 13. axb3 Qc7 14. b4 Nc4 15. Nxc4 Qxc4 16. Ne5 Qxc3 17. Bxf6 Bxf6 18. Nxd7 Kxd7 19. Ba4+ Kd8 20. Qe2 Qc7 21. Rfc1 Qe7 22. Rc2 a6 23. b5 Qd6 24. Rc5 axb5 25. Qxb5 Rf8 26. Qxb7 Rxa4 27. Rc8# 1-0

[Event "Madrid Codes Memorial 13th"]
[Site "Madrid"]
[Date "2019.04.07"]
[Round "2.6"]
[White "Lopez Orellana, Federico"]
[Black "Gines Martinez, Andres"]
[Result "1-0"]
[WhiteElo "1742"]
[BlackElo "1466"]
[PlyCount "67"]
[EventDate "2019.03.31"]
[EventType "swiss"]
[EventRounds "9"]
[EventCountry "ESP"]
[SourceTitle "EXT 2024"]
[Source "ChessBase"]
[SourceDate "2023.10.10"]
[SourceVersion "1"]
[SourceVersionDate "2023.10.10"]
[SourceQuality "1"]

1. d4 Nf6 2. e3 e6 3. Nf3 d5 4. Bd3 c5 5. b3 Bd7 6. 0-0 Be7 7. Nbd2 cxd4 8. exd4 Bb4 9. Bb2 0-0 10. Ne5 Be8 11. f4 Nc6 12. c3 Ba5 13. Rf3 g6 14. Rc1 Bb6 15. Ba3 Ne7 16. Rh3 Bd7 17. g4 Ne8 18. Qe1 Nf6 19. Qh4 Kg7 20. Qh6+ Kh8 21. g5 Neg8 22. Qxf8 Qxf8 23. Bxf8 Rxf8 24. Be2 Rc8 25. Kg2 Bxd4 26. gxf6 Nxf6 27. Nxd7 Nxd7 28. c4 Bb2 29. Rc2 Ba3 30. Bd3 Nc5 31. cxd5 Rd8 32. Ne4 Rxd5 33. Nf6 Rxd3 34. Rxh7# 1-0

[Event "Madrid-ch Previa-A"]
[Site "Madrid"]
[Date "2019.02.12"]
[Round "5"]
[White "Vazquez Gonzalez, Jesus"]
[Black "Lopez Orellana, Federico"]
[Result "1-0"]
[WhiteElo "1916"]
[BlackElo "1732"]
[PlyCount "81"]
[EventDate "2019.02.04"]
[EventType "swiss"]
[EventRounds "9"]
[EventCountry "ESP"]
[SourceTitle "EXT 2021"]
[Source "ChessBase"]
[SourceDate "2020.10.23"]
[SourceVersion "1"]
[SourceVersionDate "2020.10.23"]
[SourceQuality "1"]

1. c4 e6 2. g3 d5 3. d4 c6 4. Nf3 f5 5. Bg2 Nf6 6. Nc3 Be7 7. 0-0 0-0 8. Ne5 Nbd7 9. f4 Ne4 10. cxd5 exd5 11. Qb3 Qb6 12. Qxb6 axb6 13. Nxe4 fxe4 14. Bd2 Nxe5 15. fxe5 Bg4 16. Rxf8+ Kxf8 17. Bf1 Ra4 18. h3 Be6 19. e3 Bd7 20. Kf2 c5 21. b3 Ra7 22. Bc3 Ke8 23. a4 g6 24. Rd1 Bc6 25. Be2 Bf8 26. h4 Ra8 27. g4 Rd8 28. g5 Bg7 29. Kg3 Ke7 30. a5 bxa5 31. Bxa5 Ra8 32. Bb6 cxd4 33. exd4 h5 34. Rf1 Ra2 35. Bc5+ Ke8 36. Bd1 Bb5 37. Rf2 Ra1 38. Bc2 Ra2 39. Bxe4 Be2 40. Bxg6+ Kd8 41. Bxh5 1-0

[Event "Madrid-ch Previa-A"]
[Site "Madrid"]
[Date "2019.02.04"]
[Round "1"]
[White "Lopez Orellana, Federico"]
[Black "Andrade Sandoval, Bianca"]
[Result "1-0"]
[WhiteElo "1732"]
[BlackElo "1981"]
[PlyCount "63"]
[EventDate "2019.02.04"]
[EventType "swiss"]
[EventRounds "9"]
[EventCountry "ESP"]
[SourceTitle "EXT 2021"]
[Source "ChessBase"]
[SourceDate "2020.10.23"]
[SourceVersion "1"]
[SourceVersionDate "2020.10.23"]
[SourceQuality "1"]

1. d4 d5 2. e3 Nf6 3. f4 Bf5 4. Bd3 Bg4 5. Nf3 e6 6. Nbd2 c5 7. c3 Nc6 8. Qa4 Bd6 9. Ne5 Qc7 10. Ndf3 0-0 11. Nxg4 Nxg4 12. Ne5 Ncxe5 13. fxe5 Be7 14. Qd1 f5 15. 0-0 Bg5 16. Qf3 Qb6 17. h3 Nh6 18. b3 Nf7 19. Kh1 Qa5 20. Bb2 Rac8 21. c4 Qd2 22. Qe2 Qxe2 23. Bxe2 Bxe3 24. cxd5 cxd4 25. Ba3 Rfd8 26. dxe6 Nxe5 27. e7 Re8 28. Rxf5 Ng6 29. Bc4+ Kh8 30. Raf1 Nxe7 31. Bxe7 h6 32. Rf8+ 1-0

[Event "San Sebastian de los Reyes op 20th"]
[Site "San Sebastian"]
[Date "2018.12.08"]
[Round "8"]
[White "Hernandez Ramos, Alberto"]
[Black "Lopez Orellana, Federico"]
[Result "1-0"]
[WhiteElo "1917"]
[BlackElo "1683"]
[PlyCount "71"]
[EventDate "2018.12.01"]
[EventType "swiss"]
[EventRounds "9"]
[EventCountry "ESP"]
[SourceTitle "CBM 187 Extra"]
[Source "ChessBase"]
[SourceDate "2018.11.04"]
[SourceVersion "1"]
[SourceVersionDate "2018.11.04"]
[SourceQuality "1"]

1. e4 c5 2. Nf3 Nc6 3. d4 cxd4 4. Nxd4 e5 5. Nb5 a6 6. N5a3 Nf6 7. Bg5 h6 8. Bxf6 Qxf6 9. Nc3 Bb4 10. Nc4 Qf4 11. Nd6+ Ke7 12. Nf5+ Kf8 13. Bd3 g6 14. Ne3 Ne7 15. g3 Qf6 16. Qd2 b5 17. a3 Bxc3 18. Qxc3 d6 19. f4 Be6 20. Rf1 Rc8 21. Qb4 Rc6 22. 0-0-0 Kg7 23. Be2 Rd8 24. Kb1 h5 25. f5 gxf5 26. exf5 Bc4 27. Bxc4 bxc4 28. g4 Kh7 29. h3 d5 30. Qa5 Rb6 31. Nxc4 Rbb8 32. Qc7 Nc6 33. g5 Qxg5 34. Qxf7+ Kh8 35. Rg1 Qh6 36. Rg6 1-0

[Event "San Sebastian de los Reyes op 20th"]
[Site "San Sebastian"]
[Date "2018.12.03"]
[Round "3"]
[White "Lopez Orellana, Federico"]
[Black "Lozano Hernanz, Rodrigo"]
[Result "1-0"]
[WhiteElo "1683"]
[BlackElo "1318"]
[PlyCount "53"]
[EventDate "2018.12.01"]
[EventType "swiss"]
[EventRounds "9"]
[EventCountry "ESP"]
[SourceTitle "CBM 187 Extra"]
[Source "ChessBase"]
[SourceDate "2018.11.04"]
[SourceVersion "1"]
[SourceVersionDate "2018.11.04"]
[SourceQuality "1"]

1. d4 d5 2. Bf4 Nf6 3. e3 Bf5 4. c4 e6 5. Nc3 Nc6 6. c5 a6 7. Nf3 Nb4 8. Qa4+ Nc6 9. Ne5 Be7 10. Nxc6 bxc6 11. Qxc6+ Nd7 12. Bxa6 0-0 13. Bxc7 Qe8 14. Bb7 Ra7 15. Nb5 Rxb7 16. Qxb7 Nf6 17. Nd6 Qa8 18. Qxa8 Rxa8 19. Nxf5 exf5 20. Ke2 Bd8 21. Bxd8 Rxd8 22. b4 Rb8 23. a3 Ne4 24. Rhc1 Rc8 25. b5 Rb8 26. b6 h6 27. a4 1-0

[Event "Mem op Francisco Codes 12th"]
[Site "Madrid"]
[Date "2018.06.03"]
[Round "8.11"]
[White "Martin Garcia, Francisco Javier"]
[Black "Lopez Orellana, Federico"]
[Result "0-1"]
[WhiteElo "1470"]
[BlackElo "1695"]
[PlyCount "70"]
[EventDate "2018.04.08"]
[EventType "swiss"]
[EventRounds "9"]
[EventCountry "ESP"]
[SourceTitle "EXT 2024"]
[Source "ChessBase"]
[SourceDate "2023.10.10"]
[SourceVersion "1"]
[SourceVersionDate "2023.10.10"]
[SourceQuality "1"]

1. d4 d5 2. Nf3 e6 3. g3 f5 4. Bg2 Nf6 5. 0-0 c6 6. c4 Bd6 7. cxd5 exd5 8. Qc2 0-0 9. Bg5 Qe8 10. Bxf6 Rxf6 11. e3 Nd7 12. Nc3 Qh5 13. Ne2 g5 14. h4 h6 15. a3 Nf8 16. Qc3 Ng6 17. Qe1 gxh4 18. gxh4 Nxh4 19. Nxh4 Qxh4 20. Nf4 Bd7 21. Qe2 Bxf4 22. exf4 Qxf4 23. Qe7 Rf7 24. Qb4 Rg7 25. Qc3 Kh7 26. f3 Rag8 27. Rf2 Qh4 28. Re1 f4 29. Qd3+ Kh8 30. Qf1 Rg3 31. Qe2 Rxg2+ 32. Rxg2 Rxg2+ 33. Qxg2 Qxe1+ 34. Kh2 Qh4+ 35. Kg1 Qg5 0-1

[Event "Mem op Francisco Codes 12th"]
[Site "Madrid"]
[Date "2018.05.06"]
[Round "4.6"]
[White "Cuellar Gutierrez, Raul"]
[Black "Lopez Orellana, Federico"]
[Result "1-0"]
[WhiteElo "1933"]
[BlackElo "1695"]
[PlyCount "55"]
[EventDate "2018.04.08"]
[EventType "swiss"]
[EventRounds "9"]
[EventCountry "ESP"]
[SourceTitle "EXT 2024"]
[Source "ChessBase"]
[SourceDate "2023.10.10"]
[SourceVersion "1"]
[SourceVersionDate "2023.10.10"]
[SourceQuality "1"]

1. d4 d6 2. g3 c6 3. Bg2 Qc7 4. c4 e5 5. e3 Nf6 6. Nc3 Be7 7. Nge2 Bg4 8. 0-0 0-0 9. b3 Nbd7 10. Bb2 Ne8 11. f4 f5 12. Qd2 e4 13. b4 Nef6 14. Qc2 Nb6 15. Qb3 Kh8 16. Rfc1 Qd8 17. Rab1 Qe8 18. d5 Qh5 19. Nd4 Bf3 20. Rc2 Rac8 21. Rf1 Bxg2 22. Rxg2 cxd5 23. Nxd5 Nfxd5 24. cxd5 Nc4 25. Ne6 Bf6 26. Nxf8 Bxb2 27. Ne6 Nd2 28. Qxb2 1-0

[Event "Madrid-ch Previa-A"]
[Site "Madrid"]
[Date "2018.02.07"]
[Round "3"]
[White "Lopez Orellana, Federico"]
[Black "Marcos Herrero, Francisco"]
[Result "0-1"]
[WhiteElo "1702"]
[BlackElo "1914"]
[PlyCount "68"]
[EventDate "2018.02.05"]
[EventType "swiss"]
[EventRounds "9"]
[EventCountry "ESP"]
[SourceTitle "EXT 2020"]
[Source "ChessBase"]
[SourceDate "2019.10.17"]
[SourceVersion "1"]
[SourceVersionDate "2019.10.17"]
[SourceQuality "1"]

1. d4 Nf6 2. e3 c5 3. Bd3 g6 4. Nf3 Bg7 5. 0-0 0-0 6. b3 cxd4 7. exd4 Nc6 8. Bb2 d5 9. Nbd2 Nb4 10. Be2 Bf5 11. c3 Bc2 12. Qc1 Bd3 13. Bxd3 Nxd3 14. Qc2 Nxb2 15. Qxb2 Rc8 16. Rac1 Qd6 17. c4 b6 18. Ne5 Rfd8 19. Ndf3 Ne4 20. Rfe1 e6 21. Qe2 Bh6 22. Rc2 Nf6 23. h4 Nd7 24. h5 Nxe5 25. dxe5 Qc5 26. hxg6 hxg6 27. Rd1 b5 28. Nd2 Bxd2 29. Rdxd2 dxc4 30. Rxd8+ Rxd8 31. bxc4 Rc8 32. Rd2 bxc4 33. Rd7 c3 34. Qd3 c2 0-1

[Event "San Sebastian de los Reyes op 19th"]
[Site "San Sebastian"]
[Date "2017.12.09"]
[Round "8"]
[White "Braziunaite, Rasa"]
[Black "Lopez Orellana, Federico"]
[Result "1/2-1/2"]
[WhiteElo "1517"]
[BlackElo "1727"]
[PlyCount "40"]
[EventDate "2017.12.02"]
[EventType "swiss"]
[EventRounds "9"]
[EventCountry "ESP"]
[SourceTitle "CBM 182 Extra"]
[Source "ChessBase"]
[SourceDate "2018.02.23"]
[SourceVersion "1"]
[SourceVersionDate "2018.02.23"]
[SourceQuality "1"]

1. b3 d5 2. Bb2 Nf6 3. e3 Bf5 4. Bxf6 exf6 5. d4 c6 6. Bd3 Qd7 7. Ne2 Bd6 8. 0-0 0-0 9. c4 Bxd3 10. Qxd3 Re8 11. Nd2 f5 12. Nf4 Bxf4 13. exf4 Na6 14. a3 dxc4 15. bxc4 Rad8 16. Rfe1 g6 17. Nb3 Re6 18. Re3 Rde8 19. Rae1 Rxe3 20. Rxe3 Re6 1/2-1/2

[Event "Madrid-ch Previa-A"]
[Site "Madrid"]
[Date "2017.02.14"]
[Round "5"]
[White "Garcia Donoso, Alberto"]
[Black "Lopez Orellana, Federico"]
[Result "1/2-1/2"]
[WhiteElo "1678"]
[BlackElo "1754"]
[PlyCount "61"]
[EventDate "2017.02.06"]
[EventType "swiss"]
[EventRounds "9"]
[EventCountry "ESP"]
[SourceTitle "CBM 177 Extra"]
[Source "ChessBase"]
[SourceDate "2017.04.27"]
[SourceVersion "1"]
[SourceVersionDate "2017.04.27"]
[SourceQuality "1"]

1. e4 d5 2. exd5 Nf6 3. Nf3 Bg4 4. Be2 Nxd5 5. d4 e6 6. 0-0 Nc6 7. c4 Nb6 8. Be3 Be7 9. c5 Nd5 10. Nbd2 0-0 11. h3 Nxe3 12. fxe3 Bh5 13. Qb3 Rb8 14. Rad1 b6 15. Qa4 Na5 16. b4 Nb7 17. Qxa7 Qc8 18. Ba6 Ra8 19. Bxb7 Rxa7 20. Bxc8 Rxc8 21. Ra1 Rca8 22. g4 Bg6 23. Ne5 Rxa2 24. Rxa2 Rxa2 25. Nxg6 hxg6 26. Nc4 f6 27. Rf2 Ra1+ 28. Rf1 Ra2 29. Rf2 Ra1+ 30. Rf1 Ra2 31. Rf2 1/2-1/2

[Event "Madrid-ch Previa-A"]
[Site "Madrid"]
[Date "2017.02.07"]
[Round "2"]
[White "Lopez Orellana, Federico"]
[Black "Lopez Heras, Arturo"]
[Result "0-1"]
[WhiteElo "1754"]
[BlackElo "1862"]
[PlyCount "58"]
[EventDate "2017.02.06"]
[EventType "swiss"]
[EventRounds "9"]
[EventCountry "ESP"]
[SourceTitle "CBM 177 Extra"]
[Source "ChessBase"]
[SourceDate "2017.04.27"]
[SourceVersion "1"]
[SourceVersionDate "2017.04.27"]
[SourceQuality "1"]

1. d4 Nf6 2. Bf4 g6 3. Nc3 Bg7 4. e4 d6 5. Qd2 0-0 6. 0-0-0 c6 7. f3 Qa5 8. g4 Be6 9. h4 Bxa2 10. Nxa2 Qxa2 11. Qe3 Qa1+ 12. Kd2 Qxb2 13. Bd3 c5 14. Ne2 cxd4 15. Qf2 Qb4+ 16. Kc1 Nc6 17. h5 Ne5 18. hxg6 fxg6 19. Qh2 Rac8 20. Bxe5 dxe5 21. Ng3 Rc5 22. Rdf1 Rfc8 23. g5 Ra5 24. Kd1 Ra2 25. Qd2 Ra1+ 26. Ke2 Qxd2+ 27. Kxd2 Rxf1 28. Rxf1 Nd7 29. Rb1 b6 0-1